[Event "4NCL 2017-18"]
[Site "England ENG"]
[Date "2018.01.13"]
[Round "3.22"]
[White "Wheeler, Darren P"]
[Black "Adair, James R"]
[Result "0-1"]
[BlackTitle "IM"]
[WhiteElo "2227"]
[BlackElo "2486"]
[WhiteTeam "The ADs"]
[BlackTeam "White Rose"]
[WhiteFideId "410136"]
[BlackFideId "406252"]
[EventDate "2017.11.11"]

1. e4 c5 2. f4 d5 3. Nc3 d4 4. Nce2 Nc6 5. d3 e5 6. Nf3 exf4 7. Bxf4 Nge7 8. g3
Ng6 9. Bg2 Bd6 10. Qd2 O-O 11. O-O Bg4 12. h3 Bxf3 13. Bxf3 Nge5 14. Bg2 c4 15.
Bxe5 Nxe5 16. Nf4 Qb6 17. b3 cxd3 18. cxd3 Qb5 19. Rac1 Bb4 20. Qf2 Rac8 21. Kh1
Qd7 22. Nd5 Bc3 23. Rcd1 Rfe8 24. Qe2 Nc6 25. Qh5 Nb4 26. Rf5 Nxd5 27. Rxd5 Qe7
28. Rf1 g6 29. Qg4 Rcd8 30. Rxd8 Rxd8 31. h4 Bd2 32. Bh3 Be3 33. Qf3 Rf8 34. Qf6
Re8 35. Kg2 Qxf6 36. Rxf6 Re5 37. Rd6 Rc5 38. Rd8+ Kg7 39. Rc8 Rc3 40. Kf3 Rxd3
41. e5 Bh6+ 42. Kf2 Rd2+ 43. Kf3 Rd3+ 44. Kf2 Re3 45. e6 fxe6 46. Rc7+ Kf6 47.
Rxb7 Bf4 48. gxf4 Rxh3 49. Rxh7 Kf5 50. Rxa7 Kxf4 51. Ra6 e5 52. Rf6+ Ke4 53.
Rxg6 Kd3 54. b4 e4 55. b5 e3+ 56. Kg2 e2 57. Kxh3 e1=Q 58. b6 Qe4 59. h5 Ke2 60.
Rg2+ Kf3 61. Rg6 d3 0-1

[Event "4NCL 2017-18"]
[Site "England ENG"]
[Date "2018.01.13"]
[Round "3.23"]
[White "Wells, Peter K"]
[Black "Stewart, Ashley"]
[Result "0-1"]
[WhiteTitle "GM"]
[WhiteElo "2418"]
[BlackElo "2166"]
[WhiteTeam "White Rose"]
[BlackTeam "The ADs"]
[WhiteFideId "400327"]
[BlackFideId "419001"]
[EventDate "2017.11.11"]

1. d4 Nf6 2. c4 g6 3. Nc3 Bg7 4. e4 d6 5. Nf3 O-O 6. Be2 e5 7. O-O Nc6 8. Be3
Ng4 9. Bg5 f6 10. Bc1 exd4 11. Nxd4 Nxd4 12. Qxd4 f5 13. Qd5+ Kh8 14. Bxg4 fxg4
15. Be3 c6 16. Qd3 Be6 17. Bd4 Be5 18. Rfd1 Qg5 19. Ne2 Kg8 20. Bxe5 dxe5 21. b3
Rf7 22. Qg3 Raf8 23. Nc1 Bc8 24. Nd3 Re8 25. Nc5 b6 26. Na4 Ref8 27. Nc3 h5 28.
h4 Qe7 29. Qe3 Qxh4 30. Rd6 Kg7 31. g3 Qe7 32. Rxc6 Qd7 33. Rxc8 Qxc8 34. Nd5
Qc5 0-1

[Event "4NCL 2017-18"]
[Site "England ENG"]
[Date "2018.01.13"]
[Round "3.24"]
[White "Snape, Ian L"]
[Black "McNab, Colin A"]
[Result "0-1"]
[BlackTitle "GM"]
[WhiteElo "2155"]
[BlackElo "2416"]
[WhiteTeam "The ADs"]
[BlackTeam "White Rose"]
[WhiteFideId "404489"]
[BlackFideId "2400030"]
[EventDate "2017.11.11"]

1. e4 g6 2. d4 d6 3. Nc3 c6 4. f4 d5 5. Nf3 dxe4 6. Nxe4 Bg7 7. c3 Nh6 8. Bc4
Nd7 9. Qe2 O-O 10. Ng3 Nb6 11. Bb3 Nd5 12. Bd2 a5 13. O-O Nf5 14. Nxf5 Bxf5 15.
Nh4 e6 16. Nf3 a4 17. Bd1 Qb6 18. b3 c5 19. Qf2 cxd4 20. cxd4 Bg4 21. Ne5 Bxd1
22. Raxd1 axb3 23. axb3 Ra2 24. Nd7 Qa7 25. Nc5 Nc3 26. Rde1 Nb5 27. Re5 Nxd4
28. Qxd4 Bxe5 29. fxe5 Rxd2 30. Qxd2 Qxc5+ 31. Qf2 Qxe5 32. Qb6 Qd5 33. b4 Rd8
34. Kh1 Rd7 35. h3 Qd4 36. Qa5 Kg7 37. b5 e5 38. Rc1 e4 39. b6 e3 40. Rc7 Rd5
41. Qa2 Rf5 0-1

[Event "4NCL 2017-18"]
[Site "England ENG"]
[Date "2018.01.13"]
[Round "3.25"]
[White "Palliser, Richard J D"]
[Black "Richardson, John R"]
[Result "1-0"]
[WhiteTitle "IM"]
[BlackTitle "FM"]
[WhiteElo "2418"]
[BlackElo "2229"]
[WhiteTeam "White Rose"]
[BlackTeam "The ADs"]
[WhiteFideId "407372"]
[BlackFideId "401617"]
[EventDate "2017.11.11"]

1. Nf3 Nf6 2. c4 e6 3. Nc3 d5 4. d4 Bb4 5. Qb3 c5 6. dxc5 Na6 7. a3 Bxc3+ 8.
Qxc3 Nxc5 9. cxd5 Nce4 10. Qd4 Qxd5 11. Qxd5 exd5 12. Nd4 Bd7 13. Bf4 Nc5 14. e3
Ne6 15. Be5 Nxd4 16. Bxd4 Ke7 17. Bc5+ Ke6 18. g3 Ne4 19. Bh3+ f5 20. Bd4 Rhc8
21. f3 Nc5 22. O-O Nb3 23. Rad1 Nxd4 24. Rxd4 Rc4 25. Rxc4 dxc4 26. Rd1 Bc6 27.
e4 g6 28. Kf2 Kf6 29. f4 Ke6 30. Rd4 b5 31. e5 Bd5 32. Rxd5 1-0

[Event "4NCL 2017-18"]
[Site "England ENG"]
[Date "2018.01.13"]
[Round "3.26"]
[White "Swindells, Jonathan E"]
[Black "Gourlay, Iain"]
[Result "1/2-1/2"]
[BlackTitle "FM"]
[WhiteElo "2223"]
[BlackElo "2369"]
[WhiteTeam "The ADs"]
[BlackTeam "White Rose"]
[WhiteFideId "421863"]
[BlackFideId "2401533"]
[EventDate "2017.11.11"]

1. e4 e5 2. Nf3 Nc6 3. Bc4 Nf6 4. d3 Be7 5. O-O O-O 6. Re1 d6 7. a4 Na5 8. Ba2
c5 9. Na3 Nc6 10. c3 h6 11. Nc2 Be6 12. Ne3 a6 13. Bd2 Rb8 14. Bd5 Qd7 15. a5
Bd8 16. b4 cxb4 17. cxb4 Bxd5 18. Nxd5 Nxd5 19. exd5 Ne7 20. Qb3 Qb5 21. d4 exd4
22. Nxd4 Qxd5 23. Qxd5 Nxd5 24. Nf5 Bf6 25. Ra3 Rbd8 26. Rd3 Nc7 27. Bf4 Nb5 28.
Red1 Nc3 29. Re1 d5 30. Kf1 Rfe8 31. Rxe8+ Rxe8 32. Bd2 Ne4 33. Be3 Rd8 34. Bb6
Rd7 35. Ne3 d4 36. Ng4 Be7 37. f3 Nc3 38. Ne5 Rd5 39. Bxd4 Na2 40. Bb2 Rxd3 41.
Nxd3 Nxb4 42. Ba3 Nxd3 43. Bxe7 f6 44. Bd6 Ne5 45. Bb4 Kf7 46. Ke2 Ke6 47. Bf8
Kf7 48. Bb4 g6 49. Ke3 Ke6 50. Bc3 Kd5 51. h4 f5 52. Kf4 Nd3+ 53. Ke3 Nc5 54. g4
Ne6 55. gxf5 gxf5 56. h5 f4+ 57. Kd3 Ng5 58. Bg7 Nf7 59. Bf8 Ke5 60. Kc4 Kf5 61.
Kc5 Kg5 62. Kb6 Ne5 63. Kxb7 Nxf3 64. Kxa6 Nd4 65. Bc5 Nb3 66. Bb6 f3 67. Kb5
Nxa5 68. Kxa5 Kxh5 69. Kb4 Kg4 70. Kc3 Kg3 71. Kd2 Kg2 72. Ke1 h5 73. Bf2 Kh3 1/2-1/2

[Event "4NCL 2017-18"]
[Site "England ENG"]
[Date "2018.01.13"]
[Round "3.27"]
[White "Chow, Samuel"]
[Black "Ahluwalia, Amardip"]
[Result "1-0"]
[WhiteTitle "FM"]
[WhiteElo "2306"]
[BlackElo "2019"]
[WhiteTeam "White Rose"]
[BlackTeam "The ADs"]
[WhiteFideId "3202992"]
[BlackFideId "437085"]
[EventDate "2017.11.11"]

1. d4 Nf6 2. c4 g6 3. Nc3 d5 4. Bg5 Bg7 5. Bxf6 Bxf6 6. cxd5 c6 7. Rc1 O-O 8. e4
Bg7 9. Nf3 cxd5 10. exd5 Nd7 11. Bd3 Nb6 12. Qb3 e6 13. O-O Nxd5 14. Nxd5 Qxd5
15. Qxd5 exd5 16. Rc7 Rb8 17. Ne5 Be6 18. Rfc1 Rfc8 19. f4 f6 20. Nf3 Rxc7 21.
Rxc7 Bf8 22. f5 gxf5 23. Nh4 Bd6 24. Rc3 Kf7 25. Nxf5 Bxf5 26. Bxf5 h5 27. Rh3
Rh8 28. Rh4 Bb4 29. g4 Bd2 30. gxh5 Ke7 31. Kf2 Bg5 32. Rh3 Kd6 33. Bg6 b6 34.
Ra3 a5 35. Rb3 Rb8 36. Rc3 Rf8 37. Kg3 f5 38. Bxf5 Bd2 39. Rd3 Bc1 40. Kg4 Bxb2
41. h6 Bc1 42. h7 Bh6 43. Rb3 Kc6 44. Rc3+ Kd6 45. Rb3 Kc6 46. Rg3 Bg7 47. Kf4
Bxd4 48. Rg8 Rf7 49. h8=Q Bxh8 50. Rxh8 d4 51. Rd8 1-0

[Event "4NCL 2017-18"]
[Site "England ENG"]
[Date "2018.01.13"]
[Round "3.28"]
[White "James, Ann-Marie"]
[Black "Sucikova, Svetlana"]
[Result "0-1"]
[WhiteTitle "WFM"]
[BlackTitle "WFM"]
[WhiteElo "2035"]
[BlackElo "2139"]
[WhiteTeam "The ADs"]
[BlackTeam "White Rose"]
[WhiteFideId "403644"]
[BlackFideId "14923653"]
[EventDate "2017.11.11"]

1. e4 c6 2. d4 d5 3. exd5 cxd5 4. c4 Nf6 5. Nc3 Nc6 6. Nf3 e6 7. Bd3 Be7 8. O-O
O-O 9. Re1 a6 10. a3 dxc4 11. Bxc4 b5 12. Ba2 Qc7 13. Qe2 Rd8 14. Rd1 b4 15.
axb4 Nxb4 16. Bc4 Bb7 17. Ne5 Nfd5 18. Qh5 Bf6 19. Nxd5 Bxd5 20. Bxd5 Rxd5 21.
Bf4 Qb7 22. Qf3 Rad8 23. Rac1 Bxe5 24. dxe5 Nd3 25. Re1 Nxe1 26. Rxe1 Qb4 27.
Rf1 Qxb2 28. h3 a5 29. Re1 a4 30. Qg4 Qb4 31. Rc1 a3 32. Qg3 Qb2 33. Bg5 Qxc1+ 0-1

[Event "4NCL 2017-18"]
[Site "England ENG"]
[Date "2018.01.13"]
[Round "3.31"]
[White "Hanley, Craig A"]
[Black "Ghasi, Ameet K"]
[Result "0-1"]
[WhiteTitle "IM"]
[BlackTitle "IM"]
[WhiteElo "2446"]
[BlackElo "2483"]
[WhiteTeam "Spirit of Atticus"]
[BlackTeam "Grantham Sharks"]
[WhiteFideId "408514"]
[BlackFideId "409200"]
[EventDate "2017.11.11"]

1. c4 g6 2. d4 Bg7 3. g3 Nf6 4. Bg2 O-O 5. Nf3 d6 6. O-O Nc6 7. Nc3 e5 8. d5 Ne7
9. Ne1 Ne8 10. Nd3 f5 11. e4 Nf6 12. f4 Nxe4 13. Nxe4 fxe4 14. Bxe4 Nf5 15. fxe5
dxe5 16. Bd2 Nd6 17. Qe2 Rxf1+ 18. Rxf1 Nxc4 19. Bc3 Qe7 20. d6 Nxd6 21. Bg2 Be6
22. Bb4 Bxa2 23. Ra1 Bc4 24. Qc2 Qf7 25. Rf1 Nf5 26. Bxb7 Rb8 27. Be4 Ne3 28.
Rxf7 Nxc2 29. Rxc7 Bxd3 30. Bd5+ Kh8 31. Bd6 Rd8 32. Be7 Rxd5 33. Rc8+ Bf8 34.
Bxf8 Kg8 35. Bh6+ Kf7 36. Rc7+ Ke6 37. Rxa7 Rd7 38. Ra8 Kf5 39. h3 Ke4 40. Kg2
Nd4 41. Ra1 Rb7 0-1

[Event "4NCL 2017-18"]
[Site "England ENG"]
[Date "2018.01.13"]
[Round "3.33"]
[White "Lund, D Brett"]
[Black "Batchelor, Peter J"]
[Result "0-1"]
[BlackTitle "FM"]
[WhiteElo "2235"]
[BlackElo "2324"]
[WhiteTeam "Spirit of Atticus"]
[BlackTeam "Grantham Sharks"]
[WhiteFideId "401242"]
[BlackFideId "424854"]
[EventDate "2017.11.11"]

1. c4 Nf6 2. g3 c6 3. Nf3 g6 4. b3 Bg7 5. Bb2 O-O 6. Bg2 d5 7. O-O Nbd7 8. Qc2
a5 9. d3 Re8 10. Nc3 dxc4 11. bxc4 e5 12. Ba3 Bf8 13. Bxf8 Nxf8 14. Ng5 Qe7 15.
Na4 N6d7 16. Ne4 f5 17. Nec3 Ne6 18. e3 Qd6 19. Rab1 Rb8 20. Rfd1 b6 21. d4 exd4
22. exd4 Nxd4 23. Qd2 c5 24. Nb5 Nxb5 25. Qxd6 Nxd6 26. Rxd6 Kg7 27. Bc6 Re7 28.
Bxd7 Rxd7 29. Rxd7+ Bxd7 30. Rxb6 Rxb6 31. Nxb6 Bc6 32. f4 Kf6 33. Kf2 Ke6 34.
Ke3 Kd6 35. Kd3 h6 36. Nc8+ Kd7 37. Nb6+ Kd6 38. h4 Kc7 39. Nd5+ Bxd5 40. cxd5
Kd6 41. Kc4 a4 42. Kb5 Kxd5 43. Kxa4 Kc4 0-1

[Event "4NCL 2017-18"]
[Site "England ENG"]
[Date "2018.01.13"]
[Round "3.34"]
[White "Daskalov, Dimitar"]
[Black "Ivell, Nicholas W"]
[Result "1/2-1/2"]
[WhiteElo "2320"]
[BlackElo "2201"]
[WhiteTeam "Grantham Sharks"]
[BlackTeam "Spirit of Atticus"]
[WhiteFideId "2902800"]
[BlackFideId "400726"]
[EventDate "2017.11.11"]

1. e4 c5 2. Nc3 e6 3. f4 d5 4. Nf3 dxe4 5. Nxe4 Nf6 6. Bb5+ Bd7 7. Bxd7+ Nbxd7
8. d3 Be7 9. O-O O-O 10. Kh1 Qc7 11. Qe2 Rac8 12. Nxf6+ Bxf6 13. Nd2 g6 14. a4
Bg7 15. a5 b5 16. axb6 axb6 17. Qf3 b5 18. Ne4 c4 19. dxc4 bxc4 20. Be3 Qc6 21.
Rfd1 Nf6 22. Nxf6+ Bxf6 23. Bd4 Qxf3 24. gxf3 Bxd4 25. Rxd4 Rc7 26. Ra4 Rfc8 27.
Rb4 Kg7 28. Kg2 Kf6 29. Kf2 h5 30. Ke3 Kf5 31. Rb5+ Kf6 32. Rb4 Kf5 33. Re4 Kf6
34. h4 Kf5 35. Re5+ Kf6 36. c3 Rd8 37. Re4 Rdc8 38. Rd4 Kf5 39. Kf2 Kf6 40. Ke2
Kf5 41. Ke3 Kf6 42. Re4 Kf5 43. Re5+ Kf6 44. Reb5 Rd8 45. Rb7 Rc5 46. Ra7 Kg7
47. Rbb7 Rf5 48. Rd7 Rxd7 49. Rxd7 Rb5 50. Rd2 Kf6 51. Ke4 Ke7 52. Rg2 Rd5 53.
Rg5 Kd6 54. Rxd5+ exd5+ 55. Ke3 Ke6 56. Kd4 Kd6 1/2-1/2

[Event "4NCL 2017-18"]
[Site "England ENG"]
[Date "2018.01.13"]
[Round "3.35"]
[White "Mitchell, Martin"]
[Black "Rendle, Thomas E"]
[Result "1/2-1/2"]
[BlackTitle "IM"]
[WhiteElo "2241"]
[BlackElo "2365"]
[WhiteTeam "Spirit of Atticus"]
[BlackTeam "Grantham Sharks"]
[WhiteFideId "2400634"]
[BlackFideId "408760"]
[EventDate "2017.11.11"]

1. d4 e6 2. c4 f5 3. g3 Nf6 4. Bg2 d5 5. Nf3 c6 6. O-O Bd6 7. Ne5 O-O 8. Bf4 b6
9. Nd2 Bb7 10. Rc1 Ne4 11. Nd3 Bxf4 12. Nxf4 Qf6 13. Nf3 Nd7 14. Qb3 Nd6 15. c5
Nf7 16. Nd3 Rfb8 17. Qc2 g5 18. Qc3 Rc8 19. Nfe5 Nfxe5 20. Nxe5 Nxe5 21. dxe5
Qd8 22. f4 Ba6 1/2-1/2

[Event "4NCL 2017-18"]
[Site "England ENG"]
[Date "2018.01.13"]
[Round "3.36"]
[White "Bremner, Adam"]
[Black "Jackson, Sheila"]
[Result "1-0"]
[WhiteTitle "CM"]
[BlackTitle "WGM"]
[WhiteElo "2218"]
[BlackElo "2098"]
[WhiteTeam "Grantham Sharks"]
[BlackTeam "Spirit of Atticus"]
[WhiteFideId "2400847"]
[BlackFideId "402508"]
[EventDate "2017.11.11"]

1. d4 Nf6 2. Nf3 e6 3. e3 c5 4. Bd3 Nc6 5. O-O d6 6. c4 Be7 7. Nc3 O-O 8. b3 b6
9. Bb2 Bb7 10. d5 exd5 11. Nxd5 Nxd5 12. cxd5 Nb4 13. e4 Nxd3 14. Qxd3 Bf6 15.
Bxf6 Qxf6 16. Nd2 Rfe8 17. a4 Qg6 18. a5 Rab8 19. axb6 axb6 20. Qb5 f5 21. f3
Rf8 22. Ra7 fxe4 23. fxe4 Rxf1+ 24. Qxf1 Rf8 25. Qe2 Bc8 26. Ra8 Qf6 27. Qe3 Bd7
28. Rxf8+ Kxf8 29. h3 Qa1+ 30. Kh2 Qe5+ 31. Qg3 Qxg3+ 32. Kxg3 Bb5 33. Kf4 Ke7
34. Nc4 Bxc4 35. bxc4 Kf6 36. h4 g6 37. g4 h6 38. g5+ hxg5+ 39. hxg5+ Ke7 40. e5
Kd7 41. e6+ 1-0

[Event "4NCL 2017-18"]
[Site "England ENG"]
[Date "2018.01.13"]
[Round "3.37"]
[White "Latham, David"]
[Black "Head, Louise"]
[Result "1-0"]
[BlackTitle "WFM"]
[WhiteElo "2102"]
[BlackElo "2101"]
[WhiteTeam "Spirit of Atticus"]
[BlackTeam "Grantham Sharks"]
[WhiteFideId "428280"]
[BlackFideId "424773"]
[EventDate "2017.11.11"]

1. d4 d5 2. Nf3 c5 3. g3 Nc6 4. Bg2 Nf6 5. O-O Bf5 6. c4 e6 7. Nc3 dxc4 8. Qa4
Qd7 9. Ne5 Nxe5 10. dxe5 Qxa4 11. Nxa4 Nd7 12. Bxb7 Rd8 13. e4 Bh3 14. Rd1 Nxe5
15. Rxd8+ Kxd8 16. f4 Nf3+ 17. Kf2 Nxh2 18. Bd2 Ng4+ 19. Kf3 Kc7 20. Ba6 Nh2+
21. Kf2 Ng4+ 22. Kf3 Nf6 23. Bxc4 Bg4+ 24. Ke3 Be7 25. Rc1 Kb7 26. e5 Nd7 27.
Bb5 Nxe5 28. Nxc5+ Bxc5+ 29. Rxc5 Kb6 30. b4 Ng6 31. a4 Ne7 32. a5+ Kb7 33. Bf1
Nd5+ 34. Kd4 Bf3 35. f5 Rd8 36. fxe6 Nc7+ 37. Ke3 Nxe6 38. Rf5 Bc6 39. Rxf7+ Rd7
40. Rxd7+ Bxd7 41. Ke4 Nc7 42. Ke5 Nb5 43. Bd3 h6 44. Be3 Kc6 45. Be4+ Kc7 46.
Bc5 g5 47. Bg6 Bg4 48. Kf6 Bf3 49. Bf8 Nc3 50. Bxh6 Nd5+ 51. Kxg5 Nxb4 52. Kf4
Be2 53. Bg7 Kb7 54. Ke3 Bg4 55. Bc3 Nd5+ 56. Kd4 Ne7 57. Be4+ Ka6 58. Ke5 Kb5
59. Bd3+ Kc5 60. Bd4+ Kb4 61. Kf4 Bc8 62. a6 Nd5+ 63. Ke5 Nc7 64. Bxa7 Nxa6 65.
Bf5 Bb7 66. g4 Nc7 67. Bb8 Ne8 68. Bd7 Bf3 69. Kf4 Bxg4 70. Bxg4 Nf6 71. Be6 Kc5
72. Ke5 Nh5 73. Bd6+ Kc6 74. Bd5+ Kd7 75. Bf8 Ke8 76. Bh6 Ke7 77. Bf3 Ng3 78.
Bf4 Nf1 79. Be2 Kd7 80. Bxf1 Kc6 81. Kd4 Kd7 82. Kd5 Ke7 83. Be5 Kf7 84. Bd3 Ke7
85. Bf5 Kf7 86. Kd6 Ke8 87. Bg4 Kf7 88. Bh5+ Kg8 89. Ke7 Kh7 90. Kf7 Kh6 91. Bf3
Kg5 92. Ke6 Kg6 93. Bf6 Kh6 94. Kf7 Kh7 95. Bg5 Kh8 96. Bg4 Kh7 97. Bf5+ Kh8 98.
Bf6# 1-0

[Event "4NCL 2017-18"]
[Site "England ENG"]
[Date "2018.01.13"]
[Round "3.38"]
[White "Murphy, Hugh W"]
[Black "Ackley, Peter J E"]
[Result "1/2-1/2"]
[WhiteElo "2097"]
[BlackElo "2017"]
[WhiteTeam "Grantham Sharks"]
[BlackTeam "Spirit of Atticus"]
[WhiteFideId "422444"]
[BlackFideId "414824"]
[EventDate "2017.11.11"]

1. d4 g6 2. e4 Bg7 3. Nf3 d6 4. Bc4 Nf6 5. Qe2 O-O 6. e5 dxe5 7. dxe5 Nd5 8. h3
Nc6 9. c3 Be6 10. O-O Qc8 11. Re1 h6 12. Na3 Rd8 13. Nb5 Na5 14. Bd3 c5 15. Na3
a6 16. Nc2 Qc7 17. c4 Nb4 18. Nxb4 cxb4 19. b3 Rd7 20. Bf4 Rad8 21. Rad1 Nc6 22.
Qe3 Nd4 23. Nxd4 Rxd4 24. Bc2 1/2-1/2

[Event "4NCL 2017-18"]
[Site "England ENG"]
[Date "2018.01.13"]
[Round "3.41"]
[White "Gordon, Stephen J"]
[Black "Martins, David Pires Tavares"]
[Result "1-0"]
[WhiteTitle "GM"]
[BlackTitle "IM"]
[WhiteElo "2529"]
[BlackElo "2395"]
[WhiteTeam "3Cs"]
[BlackTeam "Oxford"]
[WhiteFideId "411477"]
[BlackFideId "1909991"]
[EventDate "2017.11.11"]

1. Nf3 d6 2. d4 f5 3. Nc3 Nf6 4. Bg5 Ne4 5. Nxe4 fxe4 6. Nd2 Bf5 7. f3 d5 8. e3
exf3 9. Nxf3 c5 10. Bd3 Bxd3 11. Qxd3 c4 12. Qe2 Qb6 13. e4 Qxb2 14. O-O Nc6 15.
Rab1 Nxd4 16. Qf2 Nxf3+ 17. Qxf3 Qd4+ 18. Be3 Qf6 19. Qh5+ 1-0

[Event "4NCL 2017-18"]
[Site "England ENG"]
[Date "2018.01.13"]
[Round "3.42"]
[White "Tan, Justin2"]
[Black "Horton, Andrew P"]
[Result "1-0"]
[WhiteTitle "IM"]
[BlackTitle "FM"]
[WhiteElo "2485"]
[BlackElo "2403"]
[WhiteTeam "Oxford"]
[BlackTeam "3Cs"]
[WhiteFideId "3206882"]
[BlackFideId "424269"]
[EventDate "2017.11.11"]

1. e4 e5 2. Nf3 Nc6 3. Nc3 Nf6 4. a3 d5 5. Bb5 dxe4 6. Nxe5 Bd7 7. Nxd7 Qxd7 8.
O-O O-O-O 9. d3 exd3 10. Qxd3 Qxd3 11. Bxd3 Kb8 12. Re1 Bc5 13. Bf4 h6 14. Rad1
Bd6 15. Bc1 a6 16. h3 Rhe8 17. Kf1 Rxe1+ 18. Rxe1 Ne5 19. Be2 Rd7 20. g3 c5 21.
Be3 Re7 22. Rd1 Kc7 23. g4 Ned7 24. h4 Nb6 25. a4 Re5 26. Bf3 Nc4 27. Bc1 Na5
28. g5 hxg5 29. hxg5 Ne8 30. Ne4 b6 31. Nxd6 Nxd6 32. Bf4 f6 33. Bxe5 fxe5 34.
Re1 Nf7 35. Bd5 Nxg5 36. Rxe5 Nh7 37. Re7+ 1-0

[Event "4NCL 2017-18"]
[Site "England ENG"]
[Date "2018.01.13"]
[Round "3.43"]
[White "Ashton, Adam G"]
[Black "Eckersley-Waites, Tom"]
[Result "0-1"]
[WhiteTitle "FM"]
[BlackTitle "FM"]
[WhiteElo "2364"]
[BlackElo "2302"]
[WhiteTeam "3Cs"]
[BlackTeam "Oxford"]
[WhiteFideId "410110"]
[BlackFideId "412449"]
[EventDate "2017.11.11"]

1. e4 e5 2. Nf3 Nc6 3. Bc4 Nf6 4. d3 Be7 5. O-O O-O 6. Re1 d6 7. a4 Na5 8. Ba2
c5 9. Nbd2 Nc6 10. c3 h6 11. Nf1 Re8 12. Ng3 Bf8 13. h3 d5 14. exd5 Nxd5 15. a5
Nf4 16. Bxf4 exf4 17. Rxe8 Qxe8 18. Ne4 Nxa5 19. Qd2 c4 20. Qxf4 Qa4 21. Qc1 Qe8
22. Qe1 Bf5 23. Nd4 Bg6 24. Bb1 b6 25. Bc2 Qe5 26. Nf3 Qb5 27. dxc4 Qxb2 28. Bd3
Re8 29. Rb1 Qa3 30. g4 Qe7 31. Nfd2 Qd7 32. Qe3 Nb7 33. Re1 Nc5 34. Bc2 f5 35.
gxf5 Bxf5 36. Qg3 Kh8 37. Re3 Re6 38. Nxc5 Rxe3 39. Qxe3 Bxc5 40. Bxf5 Qxf5 41.
Qe8+ Kh7 42. Ne4 Qg6+ 43. Qxg6+ Kxg6 44. Kf1 Kf5 45. Ng3+ Ke5 46. Ke2 g6 47. Nf1
a5 48. Nd2 a4 49. Kf3 0-1

[Event "4NCL 2017-18"]
[Site "England ENG"]
[Date "2018.01.13"]
[Round "3.44"]
[White "Wu, Christopher"]
[Black "Longson, Alexander"]
[Result "1/2-1/2"]
[WhiteTitle "FM"]
[BlackTitle "FM"]
[WhiteElo "2340"]
[BlackElo "2331"]
[WhiteTeam "Oxford"]
[BlackTeam "3Cs"]
[WhiteFideId "2040875"]
[BlackFideId "408093"]
[EventDate "2017.11.11"]

1. e4 e5 2. Nf3 Nc6 3. Bc4 Nf6 4. d3 Be7 5. O-O O-O 6. Re1 d6 7. a4 Na5 8. Ba2
c5 9. Na3 Nc6 10. c3 h6 11. Bd2 a6 12. Nc2 Re8 13. b4 Bf8 14. Ne3 cxb4 15. cxb4
Be6 16. Bxe6 Rxe6 17. Qb3 Re8 18. Rec1 Ne7 19. Nc4 Ng6 20. Be3 d5 21. Nb6 dxe4
22. dxe4 Rb8 23. Rc4 Qe7 24. Qc2 Qe6 25. h3 Nf4 26. a5 Red8 27. Bxf4 exf4 28. e5
Nd5 29. Nxd5 Rxd5 30. Rxf4 Rc8 31. Qe4 Rb5 32. Rb1 Qa2 33. Qf5 Rc2 34. Nd4 Qxb1+
35. Kh2 Qa2 36. Nxc2 Qd5 37. Re4 g6 38. Qg4 Qe6 39. Qe2 Rd5 40. f4 Qd7 41. Ne3
Rd4 42. Ng4 Rxe4 43. Qxe4 Qc6 44. Nf6+ Kg7 45. Qd4 Qb5 46. Nd5 Kg8 47. Qe4 Qc6
48. g4 Kg7 49. f5 Bxb4 50. fxg6 Qc5 51. gxf7 Qf2+ 52. Qg2 Qxf7 53. g5 Qf5 54.
Qb2 Bc5 55. Qxb7+ Kh8 56. Qb2 hxg5 57. Qb8+ Bf8 58. Kg1 Kg7 59. Qc7+ Kh8 60. Qd8
Kg7 61. Qc7+ Kh8 62. Qb8 Kg7 63. Qc7+ 1/2-1/2

[Event "4NCL 2017-18"]
[Site "England ENG"]
[Date "2018.01.13"]
[Round "3.45"]
[White "Sandu, Mihaela"]
[Black "Zakarian, David"]
[Result "0-1"]
[WhiteTitle "WGM"]
[BlackTitle "FM"]
[WhiteElo "2258"]
[BlackElo "2354"]
[WhiteTeam "3Cs"]
[BlackTeam "Oxford"]
[WhiteFideId "1204327"]
[BlackFideId "13301276"]
[EventDate "2017.11.11"]

1. e4 Nc6 2. d4 d5 3. e5 f6 4. Nf3 Bg4 5. Bb5 e6 6. h3 Bh5 7. Qe2 Qd7 8. Nbd2 a6
9. Bxc6 Qxc6 10. exf6 gxf6 11. O-O O-O-O 12. Nb3 Bd6 13. Qxe6+ Kb8 14. Qf5 Bg6
15. Qg4 Ne7 16. Bf4 Bf5 17. Qh4 Ng6 18. Qh5 Be4 19. Bxd6 Qxd6 20. Nbd2 Nf4 21.
Qh4 Rdg8 22. g3 Bf5 23. Kh2 Nxh3 24. c3 h5 25. Rae1 Ng5 26. Re3 Nxf3+ 27. Rxf3
Rg4 28. Qh3 h4 29. Kh1 Rgg8 30. Rxf5 hxg3 31. Rh5 g2+ 32. Kg1 gxf1=Q+ 33. Kxf1
Rxh5 34. Qxh5 Qe6 35. Nb3 b6 36. Nd2 a5 37. Qf3 Re8 38. Kg2 Qe1 39. Qf4 Rh8 40.
Nf1 Qe6 41. Ng3 Rg8 42. Kf1 Qh3+ 43. Ke1 Re8+ 44. Kd2 Qh7 45. Nf5 Re4 46. Qf3
Qh2 47. Ng3 Qh6+ 48. Kd1 Qf4 49. Qg2 Re8 50. a3 Qg4+ 51. Kd2 Re2+ 52. Kd3 Rxb2
53. Qxd5 Rxf2 54. Ne4 Qe2# 0-1

[Event "4NCL 2017-18"]
[Site "England ENG"]
[Date "2018.01.13"]
[Round "3.46"]
[White "Asenov, Pavel"]
[Black "Walton, Alan J"]
[Result "1-0"]
[BlackTitle "CM"]
[WhiteElo "2149"]
[BlackElo "2154"]
[WhiteTeam "Oxford"]
[BlackTeam "3Cs"]
[WhiteFideId "433705"]
[BlackFideId "409898"]
[EventDate "2017.11.11"]

1. d4 e6 2. c4 d5 3. Nc3 Nf6 4. cxd5 exd5 5. Bg5 Be7 6. e3 c6 7. Bd3 O-O 8. Qc2
Nbd7 9. Nge2 Re8 10. O-O Nf8 11. f3 g6 12. Rad1 Ne6 13. Bh4 Nh5 14. Bxe7 Qxe7
15. e4 Nef4 16. Nxf4 Nxf4 17. Qd2 Qf6 18. e5 Qh4 19. Kh1 Nh5 20. Ne2 f6 21. g3
Qg5 22. Qxg5 fxg5 23. Kg2 Ng7 24. f4 gxf4 25. Rxf4 Ne6 26. Rf6 Rf8 27. Rxf8+
Kxf8 28. h4 Kg7 29. Rc1 Bd7 30. Rc3 b6 31. Ba6 Rb8 32. Bd3 c5 33. Ra3 Rb7 34.
dxc5 bxc5 35. b3 Bc6 36. Ra6 Rc7 37. Kf2 Nd8 38. Ra5 Ba8 39. Nc3 c4 40. bxc4
dxc4 41. Be2 Rf7+ 42. Ke3 Nc6 43. Rc5 Re7 44. Bf3 Nxe5 45. Bxa8 Nd3+ 46. Kd4
Nxc5 47. Kxc5 Re3 48. Kxc4 Rxg3 49. a4 Rh3 50. a5 Rxh4+ 51. Kb5 Rh3 52. Na4 h5
53. Ka6 Ra3 54. Bc6 h4 55. Kxa7 h3 56. Kb6 h2 57. Nc5 Kf6 58. a6 Ke5 59. a7 Rxa7
60. Kxa7 Kd4 61. Ne6+ Ke3 62. Kb6 Kf2 63. Ng5 Kg3 64. Kc5 Kf4 65. Ne6+ Ke5 66.
Nd4 Kf4 67. Ne2+ Ke3 68. Ng3 g5 69. Nf1+ Kf2 70. Nxh2 Kg3 71. Nf3 g4 72. Ne1 1-0